000 00775nam a22002057a 4500
003 0
005 20250129101641.0
008 150827b xxu||||| |||| 00| 0 eng d
050 _aPGS MT 146
_b.B916 2015
100 _aBrzuskowski, Tristan Filip P.
245 _aMusical preferences and musical intelligence of grade 6 students /
_cTristan Filip P. Brzuskowski.
260 _aLas PiƱas City, Philippines :
_bSouthville International School and Colleges,
_c2015.
300 _a29 p. :
_bill. ;
_c28 cm.
_fPASS
504 _aIncludes bibliographical references.
650 _2Library of Congress Subject Headings
_aMusic
_vPsychological aspects.
650 _aMusic and children.
650 _aMusic preferences.
650 _aGrade six (Education).
942 _2lcc
_cPASS
999 _c288548
_d288548